| 000 | 00505nam a2200145Ia 4500 | ||
|---|---|---|---|
| 008 | 100204s9999 xx 000 0 und d | ||
| 082 | _b16821 | ||
| 100 | _aखाडीलकर उषा | ||
| 245 | _aवाकडं पाऊल सरळ वाट | ||
| 260 |
_b"अभिजीत प्रकाशन, मुंबई." _c1993 |
||
| 300 | _a191 | ||
| 630 | _aवाकडं पाऊल सरळ वाट | ||
| 730 | _aवाकडं पाऊल सरळ वाट | ||
| 942 | _cBOOK | ||
| 999 |
_c461244 _d461241 |
||